International (Record no. 74592)
[ view plain ]
| 000 -LEADER | |
|---|---|
| fixed length control field | 01882cab a2200421 4500 |
| 001 - CONTROL NUMBER | |
| control field | ABS68484 |
| 008 - FIXED-LENGTH DATA ELEMENTS--GENERAL INFORMATION | |
| fixed length control field | 041105n2004 000 0 eng u |
| 035 ## - SYSTEM CONTROL NUMBER | |
| System control number | (Sirsi) u127909 |
| 100 ## - MAIN ENTRY--PERSONAL NAME | |
| Personal name | Petrides, C. |
| 245 ## - TITLE STATEMENT | |
| Title | International |
| 260 ## - PUBLICATION, DISTRIBUTION, ETC. | |
| Date of publication, distribution, etc. | 2004 |
| 490 ## - SERIES STATEMENT | |
| Series statement | Wastes Management |
| Volume/sequential designation | October 2004, 24-35(11) |
| 520 ## - SUMMARY, ETC. | |
| Summary, etc. | Series of articles on international waste markets. "Global markets" asks which UK waste management companies are taking advantage of the potential available in global markets. "Out with the old..." looks at vacuum refuse collection systems in Seville, Spain. "Waste management forges ahead in Ireland" examines how Ireland has produced new regulations to deal with its major waste problem. "ISWA's gone to Iceland" provides an overview of Iceland's waste operations. "Landfill eliminated" describes how Israel has almost eliminated waste sent to landfill in Tel Aviv. "Cooking Brazil" looks at how one Brazilian company spotted an opportunity in the US for providing a household commodity - charcoal briquettes - in Brazil. The final article "On top of the world" looks at the work of a Nepalese student working to improve problems with landfill in Nepal. |
| 590 ## - LOCAL NOTE (RLIN) | |
| Local note | ABS |
| 650 ## - SUBJECT ADDED ENTRY--TOPICAL TERM | |
| Topical term or geographic name entry element | GLOBAL MARKET |
| 650 ## - SUBJECT ADDED ENTRY--TOPICAL TERM | |
| Topical term or geographic name entry element | UNITED KINGDOM |
| 650 ## - SUBJECT ADDED ENTRY--TOPICAL TERM | |
| Topical term or geographic name entry element | SPAIN |
| 650 ## - SUBJECT ADDED ENTRY--TOPICAL TERM | |
| Topical term or geographic name entry element | IRELAND |
| 650 ## - SUBJECT ADDED ENTRY--TOPICAL TERM | |
| Topical term or geographic name entry element | ICELAND |
| 650 ## - SUBJECT ADDED ENTRY--TOPICAL TERM | |
| Topical term or geographic name entry element | ISRAEL |
| 650 ## - SUBJECT ADDED ENTRY--TOPICAL TERM | |
| Topical term or geographic name entry element | BRAZIL |
| 650 ## - SUBJECT ADDED ENTRY--TOPICAL TERM | |
| Topical term or geographic name entry element | UNITED STATES |
| 650 ## - SUBJECT ADDED ENTRY--TOPICAL TERM | |
| Topical term or geographic name entry element | NEPAL |
| 650 ## - SUBJECT ADDED ENTRY--TOPICAL TERM | |
| Topical term or geographic name entry element | WASTE MANAGEMENT COMPANIES |
| 650 ## - SUBJECT ADDED ENTRY--TOPICAL TERM | |
| Topical term or geographic name entry element | REFUSE COLLECTION |
| 650 ## - SUBJECT ADDED ENTRY--TOPICAL TERM | |
| Topical term or geographic name entry element | WASTE INDUSTRY |
| 650 ## - SUBJECT ADDED ENTRY--TOPICAL TERM | |
| Topical term or geographic name entry element | WASTE MINIMISATION |
| 650 ## - SUBJECT ADDED ENTRY--TOPICAL TERM | |
| Topical term or geographic name entry element | LANDFILL SITES |
| 650 ## - SUBJECT ADDED ENTRY--TOPICAL TERM | |
| Topical term or geographic name entry element | LAND CONTAMINATION |
| 690 ## - LOCAL SUBJECT ADDED ENTRY--TOPICAL TERM (OCLC, RLIN) | |
| Topical term or geographic name as entry element | ENVIRONMENTAL AND LAND CONSULTANCY-WASTE MANAGEMENT |
| 700 ## - ADDED ENTRY--PERSONAL NAME | |
| Personal name | Benfield, T. |
| 700 ## - ADDED ENTRY--PERSONAL NAME | |
| Personal name | Stiles, D. |
| 700 ## - ADDED ENTRY--PERSONAL NAME | |
| Personal name | Greedy, D. |
| 700 ## - ADDED ENTRY--PERSONAL NAME | |
| Personal name | Finstein, M. |
| 700 ## - ADDED ENTRY--PERSONAL NAME | |
| Personal name | Lengning, D. |
| 700 ## - ADDED ENTRY--PERSONAL NAME | |
| Personal name | Wood, B. |
| 942 ## - ADDED ENTRY ELEMENTS (KOHA) | |
| Suppress in OPAC | 0 |
| Withdrawn status | Lost status | Source of classification or shelving scheme | Damaged status | Not for loan | Home library | Current library | Shelving location | Date acquired | Total Checkouts | Full call number | Barcode | Date last seen | Copy number | Price effective from | Koha item type |
|---|---|---|---|---|---|---|---|---|---|---|---|---|---|---|---|
| Dewey Decimal Classification | London | London | Journal article | 05/11/2004 | ABS68484 | 127909-1001 | 06/08/2019 | 1 | 06/08/2019 | Journal article |